A fannish dictionary /

Bibliographic Details
Other Authors: Nowak, Greg (Compiler, Editor), Little, Deborah (Compiler, Editor), Schroeder, Don (cover artist.)
Format: Book
Language:English
Published: [United States?] : Triangulum Inc., [1984?]
Subjects:

MARC

Tag First Indicator Second Indicator Subfields
LEADER 00000nam a2200000 i 4500
001 in00005779521
005 20260424165355.6
008 260424s1984 xxua d 000 0 eng d
040 |a TXA  |b eng  |e rda  |c TXA 
035 |a (OCoLC)1586988066 
050 4 |a PN3433.2  |b .N68 1984 
100 1 |a Nowak, Greg,  |e compiler,  |e editor. 
245 1 2 |a A fannish dictionary /  |c compiled and edited by Greg Nowak & Deborah Little ; cover design by Don Schroeder. 
246 1 |i At head of title:  |a Triangulum presents 
264 1 |a [United States?] :  |b Triangulum Inc.,  |c [1984?] 
300 |a 10 pages :  |b illustrations ;  |c 22 cm 
336 |a text  |b txt  |2 rdacontent 
337 |a unmediated  |b n  |2 rdamedia 
338 |a volume  |b nc  |2 rdacarrier 
650 0 |a Science fiction conventions  |x Terminology  |v Dictionaries. 
650 0 |a Science fiction fans  |x Language  |v Dictionaries. 
655 7 |a Dictionaries.  |2 lcgft 
700 1 |a Little, Deborah,  |e compiler,  |e editor. 
700 1 |a Schroeder, Don,  |e cover artist. 
994 |a Z0  |b TXA 
948 |h HELD BY TXA - 0 OTHER HOLDINGS 
999 f f |i 76be941d-6868-4373-9ff5-0dc27d853891  |s 89aeec83-5840-4745-97a0-ccfb63d45995  |t 0 
952 f f |p noncirc  |a Texas A&M University  |b College Station  |c Cushing Memorial Library & Archives  |s cush scif  |d Cushing: Science Fiction (Does not check out)  |t 0  |e PN3433.2 .N68 1984  |h Library of Congress classification  |i unmediated -- volume  |m A14853513232 
998 f f |a PN3433.2 .N68 1984  |t 0  |l Cushing: Science Fiction (Does not check out)